Statistics for Countries That Begin And End In A Against The Clock

Click here to take the quiz!

General Stats

  • This quiz has been taken 55 times
  • The average score is 7 of 9

Answer Stats

Answer% Correct
Austria
88%
Australia
85%
Albania
83%
Andorra
81%
Angola
79%
Algeria
79%
Armenia
79%
Argentina
75%
Antigua And Barbuda
44%

Score Distribution

Percentile by Number Answered

Percent of People with Each Score

Your Score History

You have not taken this quiz